| LEADER 01174nam 2200277 a 4500 |
| 001 12334106721 |
| 003 ULIB |
| 008 030417s2551 th a sb 001 0 tha |
| 020 ^a9789744662965
|
| 050 ^aBF698^bน179ท 2551
|
| 100 0 ^aนพมาศ อุ้งพระ (ธีรเวคิน)
|
| 245 10 ^aทฤษฎีบุคลิกภาพและการปรับตัว /^cนพมาศ อุ้งพระ (ธีรเวคิน)
|
| 250 ^aพิมพ์ครั้งที่ 4
|
| 260 ^aกรุงเทพฯ :^bสำนักพิมพ์มหาวิทยาลัยธรรมศาสตร์,^c2551
|
| 300 ^a418 หน้า :^bภาพประกอบ
|
| 505 0 ^tบทนำ บุคลิกภาพและแนวการศึกษาเชิงวิทยาศาสตร์ --^tบทที่ 1 ทฤษฎีจิตวิเคราะห์ของฟรอยด์ --^tบทที่ 2 จิตวิเคราะห์ของจุง --^tบทที่ 3 จิตวิทยาปัจเจกบุคคลของแอ็ดเลอร์ --^tบทที่ 4 การวิเคราะห์จิตเชิงสังคมและวัฒนธรรมของฮอร์ไน --^tบทที่ 5 จิตวิทยาเชิงมนุษย์นิยมของฟรอมม์ --^tบทที่ 6 ทฤษฎีจิตวิเคราะห์เชิงจิตวิทยาของอิโก้ของอีริคสัน --^tบทที่ 7 ทฤษฎีเทรทของแอลปอร์ต --^tบทที่ 8 ทฤษฎีระบบ Structure Based ของแคทเทล --^tบทที่ 9 การแบ่งประเภททางชีวภาพของไอเซ็งค์ --^tบทที่ 10 ทฤษฎี Personal Constructs ของ Kelly --^tบทที่ 11 แนวคิดเรื่อง Self-Actualization ของ Maslow --^tบทที่ 12 ทฤษฎี Person-Centered ของ Rogers --^tบทที่ 13 จุดยืนเรื่อง Existential -Analysis ของ May --^tบทที่ 14 Operant Analysisของ Skinner --^tบทที่ 15 Expectancy Reinforcement Value Model --^tบทที่ 16 ทฤษฎี Social Cognitive ของ Bandura --^tบทที่ 17 ทฤษฎีบุคลิกภาพโดยสรุป
|
| 650 7 ^aบุคลิกภาพ
|
| 650 7 ^aการปรับตัว (จิตวิทยา)
|
| 913 ^aImported by ULIBM Administrator
|
| 949 ^aImport form external file by ULIBM system
|
| 999 ^aสุณิสา
|